La misión de paz del Ilustrísimo Obispo de San Carlos de Ancud. Colección de documentos, discursos, etc., etc., relacionados con el viaje del Prelado a la Capital del Perú

Gardado en:
Detalles Bibliográficos
Autor Principal: Jara, Ramón Ángel (Author)
Formato: Libro
Idioma:Lingua castelá
Publicado: Santiago Imprenta Rápida, Santos Torres 1907
Edición:1a. ed
Subjects:
Tags: Engadir etiqueta
Sen Etiquetas, Sexa o primeiro en etiquetar este rexistro!

MARC

LEADER 00000nam a2200000 a 4500
001 UCJ4901
003 CL-VaPUC
008 070124e19070000CL |||||||||||||||||spa|d
082 0 4 |a 983  |b JAR  |2 21 
100 |a Jara, Ramón Ángel  |e author  |9 482882 
245 1 3 |a La misión de paz del Ilustrísimo Obispo de San Carlos de Ancud. Colección de documentos, discursos, etc., etc., relacionados con el viaje del Prelado a la Capital del Perú 
250 |a 1a. ed 
300 |a 49 p 
942 |c BK 
945 |d 20070124 00:00:00  |a rinostro 
260 |a Santiago  |b Imprenta Rápida, Santos Torres  |c 1907 
500 |a Front., retrato de Monseñor Jara; fotografías del viaje, p. 14, retrato de Don Rafael Balmaceda. Empastado junto a otras obras del mismo autor en un volumen rotulado Jara, Varios; ubicación, 983 JAR 
600 0 7 |a BALMACEDA, RAFAEL  |2 CL-VaPUC  |9 506699 
650 7 |a PASTORAL  |2 CL-VaPUC  |9 397996 
650 0 |a Discursos   |9 265028 
650 0 |a Guerra del Pacífico  |9 314886 
650 7 |a OBISPOS  |2 CL-VaPUC  |9 509391 
650 0 |a Iconografía   |9 267998 
650 0 |a Historia de Chile  |9 265473 
583 |a last modification  |c 20070124 00:00:00  |k Rodrigo Vera 
999 |c 321016  |d 321014 
952 |0 0  |1 0  |4 0  |6 983_000000000000000_JAR_1907  |7 0  |8 X  |9 399671  |a FDOBUD  |b FDOBUD  |d 2019-11-22  |i 1027557  |o 983 JAR 1907  |p 1027557  |r 2019-11-22  |w 2019-11-22  |y BK_X  |k BUD